Medzinárodné desatinné triedenie. Medzinárodné stredné vydanie. (FID 590) : I.časť. Systematické tabulky
Gespeichert in:
| Format: | Buch |
|---|---|
| Sprache: | Slowakisch |
| Veröffentlicht: |
Martin :
Matica slovenská,
1981
|
| Ausgabe: | 1.vyd. |
| Tags: |
Keine Tags, Fügen Sie das erste Tag hinzu!
|
MARC
| LEADER | 00000nam a22000003a 4500 | ||
|---|---|---|---|
| 001 | stu6466 | ||
| 005 | 20150408182103.5 | ||
| 008 | 940812s1981----cs------------------slo-d | ||
| 040 | |a STU |b slo | ||
| 041 | 0 | |a slo | |
| 044 | |a cs | ||
| 080 | |a 025.45(048.8)=854 | ||
| 245 | |a Medzinárodné desatinné triedenie. Medzinárodné stredné vydanie. (FID 590) : |b I.časť. Systematické tabulky | ||
| 250 | |a 1.vyd. | ||
| 260 | |a Martin : |b Matica slovenská, |c 1981 | ||
| 300 | |a 525 s | ||
| 996 | |b E49875 |c E*49875 |l EE10 |s P |a 0 |w stu6466_0001 | ||
| 996 | |b 284EK09179 |c E*48574 |l EE01 |s P |a 0 |w stu6466_0004 | ||